000 00688nam a2200253Ia 4500
003 OSt
005 20221005081134.0
006 a|||||r|||| 00| 0
007 ta
008 221004b |||||||| |||| 00| 0 eng d
020 _a8190415107 (hbk)
024 _a101478
037 _cTextual
040 _aCRL
_cCRL
_beng
041 _2eng
_aeng
082 _aO111,3N06:g, P7
100 _aSharma C. P.
_9301359
245 0 _aNovels of R. K. Narayan
_b A perspective
260 _aNew Delhi
_bPrasangik India
_c2007
300 _axii,231p.
_ccm.
650 _aENGLISH LITERATURE
942 _hO111,3N06:g, P7
_cTEXL
_2cc
999 _c987235
_d987235